[Event "Figueira da Foz op 6th"]
[Site "Figueira da Foz"]
[Date "2009.11.30"]
[Round "2"]
[White "Diogo, Vasco Andre Marcalo"]
[Black "Kovalyov, Anton"]
[Result "1/2-1/2"]
[WhiteElo "2290"]
[BlackElo "2557"]
[PlyCount "89"]
[GameId "1166652670296064"]
[EventDate "2009.11.27"]
[EventType "swiss"]
[EventRounds "9"]
[EventCountry "POR"]
[SourceTitle "CBM 133 Extra"]
[Source "ChessBase"]
[SourceDate "2010.01.05"]
[SourceVersion "1"]
[SourceVersionDate "2010.01.05"]
[SourceQuality "1"]

1. e4 c5 2. Nf3 e6 3. d4 cxd4 4. Nxd4 Nc6 5. Nxc6 bxc6 6. Bd3 Nf6 7. O-O Qc7 8. c4 Bc5 9. Nc3 e5 10. Qe2 d6 11. Be3 Bg4 12. f3 Bxe3+ 13. Qxe3 Be6 14. Rfd1 Qb6 15. Qxb6 axb6 16. Rd2 Ke7 17. Rad1 Rhd8 18. Bf1 g6 19. b3 Ne8 20. g3 f6 21. Bg2 Nc7 22. f4 Bf7 23. Bh3 Na6 24. Na4 Rab8 25. fxe5 fxe5 26. Rc1 Be8 27. Rf2 Bf7 28. Rd2 Nc7 29. Nc3 Be6 30. Bg2 Ne8 31. Rf1 Nf6 32. h3 Nd7 33. Na4 Nf8 34. Rfd1 Bf7 35. Nc3 Ne6 36. h4 Ra8 37. Na4 Ra6 38. Bh3 Nd4 39. Rf2 Bxc4 40. bxc4 Rf8 41. Nc3 Ra3 42. Rc1 Rf3 43. Rxf3 Nxf3+ 44. Kf2 Nd2 45. Rc2 1/2-1/2

[Event "Figueira da Foz op 6th"]
[Site "Figueira da Foz"]
[Date "2009.12.04"]
[Round "7"]
[White "Kovalyov, Anton"]
[Black "Campora, Daniel Hugo"]
[Result "1-0"]
[WhiteElo "2557"]
[BlackElo "2522"]
[PlyCount "97"]
[GameId "1166652670738432"]
[EventDate "2009.11.27"]
[EventType "swiss"]
[EventRounds "9"]
[EventCountry "POR"]
[SourceTitle "CBM 133 Extra"]
[Source "ChessBase"]
[SourceDate "2010.01.05"]
[SourceVersion "1"]
[SourceVersionDate "2010.01.05"]
[SourceQuality "1"]

1. Nf3 d5 2. d4 Nf6 3. c4 c6 4. e3 g6 5. Nc3 Bg7 6. Be2 O-O 7. O-O a6 8. a4 dxc4 9. a5 Bg4 10. h3 Bxf3 11. Bxf3 Nbd7 12. Qe2 e5 13. Qxc4 Re8 14. g3 Rc8 15. Rd1 Qe7 16. Bg2 h5 17. b3 e4 18. Ba3 Qe6 19. Qxe6 Rxe6 20. g4 hxg4 21. hxg4 Bh6 22. Rac1 Rb8 23. d5 cxd5 24. Nxd5 Nxd5 25. Rxd5 Nf6 26. Rd6 Rxd6 27. Bxd6 Ra8 28. Kf1 Re8 29. Bh3 Nd5 30. Rc5 Rd8 31. Rxd5 Bf8 32. Bg2 Rxd6 33. Rxd6 Bxd6 34. Bxe4 g5 35. Bxb7 Bb4 36. Ke2 Bxa5 37. Bxa6 Kf8 38. Kd3 Ke7 39. Ke4 f6 40. Kf5 Bb6 41. b4 Ba7 42. Bc4 Bb6 43. Bg8 Ba7 44. Ke4 Kd6 45. Kd3 Kc6 46. Bc4 Bb6 47. Ba6 Bc7 48. Ke4 Kd6 49. Kf5 1-0

[Event "Bhubaneswar op 2nd"]
[Site "Bhubaneswar"]
[Date "2010.05.22"]
[Round "1"]
[White "Kovalyov, Anton"]
[Black "Islam, Md Haziful Chapal"]
[Result "1-0"]
[WhiteElo "2615"]
[BlackElo "2056"]
[PlyCount "59"]
[GameId "1166653101477888"]
[EventDate "2010.05.22"]
[EventType "swiss"]
[EventRounds "11"]
[EventCountry "IND"]
[SourceTitle "CBM 136 Extra"]
[Source "ChessBase"]
[SourceDate "2010.07.02"]
[SourceVersion "2"]
[SourceVersionDate "2010.07.15"]
[SourceQuality "1"]

1. d4 Nf6 2. c4 e6 3. g3 d5 4. Nf3 Nbd7 5. Bg2 Be7 6. O-O O-O 7. Qc2 h6 8. Nbd2 Re8 9. Rd1 c6 10. e4 dxe4 11. Nxe4 Qa5 12. Nxf6+ Bxf6 13. Bd2 Qh5 14. Qe4 Bd8 15. h3 f5 16. Qd3 Bc7 17. Bc3 a5 18. Re1 a4 19. Re2 Nf6 20. Ne5 Rd8 21. Qc2 Nd7 22. Nd3 Nb6 23. b3 Rf8 24. f4 g5 25. Rf1 axb3 26. axb3 Ra3 27. Bb4 Rxb3 28. Bxf8 Kxf8 29. g4 fxg4 30. fxg5+ 1-0

[Event "Bratto op 30th"]
[Site "Bratto"]
[Date "2010.08.23"]
[Round "4"]
[White "Kovalyov, Anton"]
[Black "Braga, Fernando Alberto"]
[Result "1-0"]
[WhiteElo "2599"]
[BlackElo "2435"]
[PlyCount "55"]
[GameId "1166653466820608"]
[EventDate "2010.08.20"]
[EventType "swiss"]
[EventRounds "9"]
[EventCountry "ITA"]
[SourceTitle "CBM 138 Extra"]
[Source "ChessBase"]
[SourceDate "2010.10.29"]
[SourceVersion "1"]
[SourceVersionDate "2010.10.29"]
[SourceQuality "1"]

1. c4 c5 2. Nf3 Nc6 3. Nc3 g6 4. e3 d6 5. d4 Bg4 6. Be2 Bg7 7. O-O Nh6 8. d5 Bxf3 9. Bxf3 Ne5 10. Be2 O-O 11. e4 f5 12. Bxh6 Bxh6 13. f4 Nd7 14. exf5 Rxf5 15. g3 Bg7 16. Ne4 Bxb2 17. Rb1 Bd4+ 18. Kh1 Nb6 19. a4 Rb8 20. a5 Na8 21. Bg4 Rf8 22. Ng5 Qxa5 23. Ne6 Nb6 24. Nxd4 cxd4 25. Be6+ Rf7 26. f5 g5 27. Qh5 Rbf8 28. f6 1-0

[Event "Bogota McGregor op 1st"]
[Site "Bogota"]
[Date "2010.12.03"]
[Round "1"]
[White "Kovalyov, Anton"]
[Black "Zapata, Olga Maria"]
[Result "1-0"]
[WhiteElo "2623"]
[BlackElo "1789"]
[PlyCount "63"]
[GameId "1166653891780608"]
[EventDate "2010.12.03"]
[EventType "swiss"]
[EventRounds "10"]
[EventCountry "COL"]
[SourceTitle "CBM 139 Extra"]
[Source "ChessBase"]
[SourceDate "2011.01.05"]
[SourceVersion "1"]
[SourceVersionDate "2011.01.05"]
[SourceQuality "1"]

1. c4 c6 2. Nf3 d5 3. d4 Bf5 4. cxd5 Qxd5 5. Nc3 Qd8 6. e4 Bg4 7. Bc4 e6 8. Be3 Nf6 9. h3 Bxf3 10. Qxf3 Be7 11. O-O O-O 12. Rfd1 Nbd7 13. Bb3 Rc8 14. d5 exd5 15. exd5 Qa5 16. d6 Bd8 17. Bc2 Bb6 18. Bf4 Rfe8 19. a3 Qh5 20. g4 Qh4 21. Kg2 a6 22. Bg3 Qg5 23. Bf5 Qh6 24. h4 g5 25. Rh1 Rcd8 26. hxg5 Qxg5 27. Bf4 Qg7 28. Bh6 Qh8 29. Rae1 Ne5 30. Rxe5 Rxe5 31. Qf4 Rxf5 32. gxf5 1-0

[Event "Bogota McGregor op 1st"]
[Site "Bogota"]
[Date "2010.12.04"]
[Round "2"]
[White "Angulo, Pablo David"]
[Black "Kovalyov, Anton"]
[Result "0-1"]
[WhiteElo "2033"]
[BlackElo "2623"]
[PlyCount "102"]
[GameId "1166653892034560"]
[EventDate "2010.12.03"]
[EventType "swiss"]
[EventRounds "10"]
[EventCountry "COL"]
[SourceTitle "CBM 139 Extra"]
[Source "ChessBase"]
[SourceDate "2011.01.05"]
[SourceVersion "1"]
[SourceVersionDate "2011.01.05"]
[SourceQuality "1"]

1. e4 c5 2. Nf3 d6 3. d4 cxd4 4. Nxd4 Nf6 5. Nc3 a6 6. Be3 e5 7. Nb3 Be6 8. Qd2 Nbd7 9. Be2 b5 10. a3 Rc8 11. O-O Be7 12. Kh1 Nb6 13. f3 O-O 14. Nc1 d5 15. Bxb6 Qxb6 16. Nd3 d4 17. Nd1 Nd7 18. f4 exf4 19. Nxf4 Bg5 20. Bd3 Ne5 21. Qf2 Nxd3 22. cxd3 Bb3 23. Qg3 Qh6 24. Nh3 Bc1 25. Ndf2 Be6 26. Rb1 Rc2 27. Ng4 Bxg4 28. Qxg4 Bxb2 29. Qd7 Qe6 30. Qa7 Bxa3 31. Rf5 Rc1+ 32. Rxc1 Bxc1 33. Qxd4 Qb3 34. g3 g6 35. Rf1 Bd2 36. Nf4 Qc3 37. Qd6 Bxf4 38. gxf4 a5 39. f5 a4 40. h4 Qb2 41. fxg6 hxg6 42. Rg1 Re8 43. d4 Qb3 44. Kh2 Qc2+ 45. Rg2 Qxe4 46. Qf6 Qe6 47. Qf2 Qd6+ 48. Kh1 Re4 49. h5 Qxd4 50. Qxd4 Rxd4 51. hxg6 a3 0-1

[Event "Bogota McGregor op 1st"]
[Site "Bogota"]
[Date "2010.12.04"]
[Round "4"]
[White "Hernandez Sevillano, Gustavo Rafael"]
[Black "Kovalyov, Anton"]
[Result "0-1"]
[WhiteElo "2377"]
[BlackElo "2623"]
[PlyCount "122"]
[GameId "1166653893132288"]
[EventDate "2010.12.03"]
[EventType "swiss"]
[EventRounds "10"]
[EventCountry "COL"]
[SourceTitle "CBM 139 Extra"]
[Source "ChessBase"]
[SourceDate "2011.01.05"]
[SourceVersion "1"]
[SourceVersionDate "2011.01.05"]
[SourceQuality "1"]

1. Nf3 e6 2. c4 b6 3. g3 Nf6 4. Bg2 c6 5. O-O d5 6. d4 Be7 7. Nc3 Nbd7 8. cxd5 cxd5 9. Bf4 Nh5 10. Bd2 Nhf6 11. Bf4 a6 12. Rc1 Bb7 13. Qb3 Rc8 14. Rc2 Rc4 15. Nb1 Rxc2 16. Qxc2 O-O 17. Rc1 Qa8 18. Ne5 Nxe5 19. Bxe5 Rc8 20. Qd1 Bc6 21. Bxf6 Bxf6 22. e3 Be7 23. Nc3 Qb7 24. Ne2 g6 25. Bf1 Bd6 26. Qd2 Re8 27. Qc2 Bd7 28. Nf4 Kg7 29. Qe2 Ra8 30. Qd1 Qb8 31. Bh3 Qd8 32. Bg2 Ra7 33. Rc3 Bb4 34. Rc1 Bd6 35. Bf1 a5 36. Be2 Qe8 37. Nd3 Qb8 38. Kg2 Be8 39. Qc2 Rc7 40. Qd1 Re7 41. Qc2 Bd7 42. Qb3 Be8 43. Nf4 a4 44. Qd1 a3 45. bxa3 Ra7 46. Rb1 Rxa3 47. Rb2 Qc7 48. Nd3 Rc3 49. Ne1 Rc1 50. Qd2 Ba4 51. Nd3 Ra1 52. Nb4 Bxb4 53. Rxb4 b5 54. Rb2 Rc1 55. h4 h5 56. Bf1 Rd1 57. Qb4 Qc1 58. Be2 Rg1+ 59. Kf3 Bc2 60. Bxb5 Be4+ 61. Kf4 Qc7+ 0-1

[Event "Bogota McGregor op 1st"]
[Site "Bogota"]
[Date "2010.12.05"]
[Round "5"]
[White "Kovalyov, Anton"]
[Black "Gonzalez, Renier"]
[Result "1-0"]
[WhiteElo "2623"]
[BlackElo "2475"]
[PlyCount "87"]
[GameId "1166653893591040"]
[EventDate "2010.12.03"]
[EventType "swiss"]
[EventRounds "10"]
[EventCountry "COL"]
[SourceTitle "CBM 139 Extra"]
[Source "ChessBase"]
[SourceDate "2011.01.05"]
[SourceVersion "1"]
[SourceVersionDate "2011.01.05"]
[SourceQuality "1"]

1. Nf3 g6 2. e4 Bg7 3. d4 d6 4. c4 e5 5. Nc3 exd4 6. Nxd4 Nc6 7. Be3 Nge7 8. h4 h5 9. Qd2 O-O 10. Nf3 f5 11. Bd3 fxe4 12. Bxe4 Nf5 13. Bg5 Qe8 14. O-O Bxc3 15. Bd5+ Be6 16. Qxc3 Qf7 17. Rad1 Rae8 18. Bf4 Qg7 19. Qd2 Bxd5 20. cxd5 Nd8 21. Rfe1 Qd7 22. Bg5 Nf7 23. Bf6 c5 24. dxc6 bxc6 25. b3 Rxe1+ 26. Rxe1 Re8 27. Rc1 Qe6 28. Ba1 c5 29. Qc3 Qd5 30. Qa5 Qb7 31. Qd2 Qe4 32. Re1 Qc6 33. Rxe8+ Qxe8 34. Qd5 Kf8 35. Bf6 Qc8 36. a3 Ne7 37. Qe4 Nf5 38. a4 a6 39. a5 Kg8 40. Qc4 Kf8 41. b4 Qc6 42. bxc5 dxc5 43. Bb2 Qb5 44. Qxb5 1-0

[Event "Bogota McGregor op 1st"]
[Site "Bogota"]
[Date "2010.12.08"]
[Round "9"]
[White "Kovalyov, Anton"]
[Black "Tiviakov, Sergei"]
[Result "0-1"]
[WhiteElo "2623"]
[BlackElo "2621"]
[PlyCount "124"]
[GameId "1165543301300224"]
[EventDate "2010.12.03"]
[EventType "swiss"]
[EventRounds "10"]
[EventCountry "COL"]
[SourceTitle "CBM 140"]
[Source "ChessBase"]
[SourceDate "2011.01.18"]
[SourceVersion "1"]
[SourceVersionDate "2011.01.18"]
[SourceQuality "1"]

1. Nf3 Nf6 2. c4 b6 3. g3 Bb7 4. Bg2 g6 5. d4 Bg7 6. O-O O-O 7. d5 Na6 8. Nc3 Nc5 9. Bf4 a5 10. Rc1 Nh5 11. Be5 Bh6 12. e3 d6 13. Bf4 Bg7 14. g4 Nxf4 15. exf4 e6 16. Re1 exd5 17. cxd5 Qd7 18. h3 Rfe8 19. Rxe8+ Rxe8 20. Nd4 Qe7 21. Qd2 Ba6 22. Ndb5 Bxb5 23. Nxb5 Qe2 24. Qxe2 Rxe2 25. Bf1 Rxb2 26. a3 f5 27. f3 Kf7 28. Re1 Nb3 29. Re2 Rb1 30. Rc2 Nc5 31. Kg2 Bb2 32. Bc4 Bc1 33. Nxc7 Bxf4 34. Ne6 Be3 35. f4 b5 36. Ba2 Ra1 37. Kf3 Bg1 38. gxf5 gxf5 39. Nd8+ Kf8 40. Nc6 a4 41. Nb4 Nb3 42. Rc8+ Kg7 43. Rc7+ Kh6 44. Bxb3 axb3 45. Nd3 Rxa3 46. Ke2 Ra2+ 47. Kd1 Bd4 48. Rc6 Ra1+ 49. Kd2 b2 50. Rxd6+ Kh5 51. Nxb2 Bxb2 52. Rd7 Kg6 53. Rd6+ Bf6 54. Rb6 Ra4 55. Ke3 Re4+ 56. Kf3 b4 57. d6 Rd4 58. Ke3 Kf7 59. Rb7+ Ke6 60. Rxh7 Rxd6 61. Rb7 Bd4+ 62. Kd3 Rb6 0-1

[Event "American Continental 07th"]
[Site "Toluca"]
[Date "2011.04.21"]
[Round "4"]
[White "Zapata, Alonso"]
[Black "Kovalyov, Anton"]
[Result "1/2-1/2"]
[WhiteElo "2477"]
[BlackElo "2629"]
[PlyCount "111"]
[GameId "1166654193287168"]
[EventDate "2011.04.19"]
[EventType "swiss"]
[EventRounds "9"]
[EventCountry "MEX"]
[SourceTitle "CBM 141 Extra"]
[Source "ChessBase"]
[SourceDate "2011.05.03"]
[SourceVersion "1"]
[SourceVersionDate "2011.05.03"]
[SourceQuality "1"]

1. e4 c5 2. Nf3 d6 3. d4 cxd4 4. Nxd4 Nf6 5. Nc3 a6 6. Be3 e5 7. Nb3 Be6 8. f3 h5 9. Qd2 Nbd7 10. a4 Qc7 11. a5 Be7 12. Nd5 Nxd5 13. exd5 Bf5 14. c4 O-O 15. Be2 Rfc8 16. O-O Qd8 17. Ra4 h4 18. Rb4 Rcb8 19. Ra1 Qf8 20. Bg5 Qd8 21. Bxe7 Qxe7 22. Qe3 Bc2 23. Nd4 Bg6 24. Ra3 Qd8 25. Nb3 Qc7 26. Bf1 Bc2 27. Na1 Bg6 28. Nb3 Bc2 29. Na1 Bg6 30. Qf2 h3 31. g3 Bf5 32. Nb3 Re8 33. Ra1 e4 34. fxe4 Bxe4 35. Re1 f5 36. Nd2 Nc5 37. Rb6 Re7 38. b4 Nd7 39. Bxh3 Rf8 40. Qd4 Nxb6 41. axb6 Qd8 42. Nxe4 Rxe4 43. Rxe4 fxe4 44. Qxe4 Qg5 45. Qe1 Kh7 46. Kg2 g6 47. Qe2 Kg7 48. Be6 Qc1 49. h4 Qa3 50. Bg4 Qxb4 51. h5 gxh5 52. Qe7+ Rf7 53. Qg5+ Kf8 54. Qd8+ Kg7 55. Qg5+ Kf8 56. Qd8+ 1/2-1/2

[Event "American Continental 07th"]
[Site "Toluca"]
[Date "2011.04.22"]
[Round "6"]
[White "Abreu Delgado, Aryam"]
[Black "Kovalyov, Anton"]
[Result "1/2-1/2"]
[WhiteElo "2485"]
[BlackElo "2629"]
[PlyCount "135"]
[GameId "1166654193324032"]
[EventDate "2011.04.19"]
[EventType "swiss"]
[EventRounds "9"]
[EventCountry "MEX"]
[SourceTitle "CBM 141 Extra"]
[Source "ChessBase"]
[SourceDate "2011.05.03"]
[SourceVersion "1"]
[SourceVersionDate "2011.05.03"]
[SourceQuality "1"]

1. e4 c5 2. Nf3 d6 3. d4 cxd4 4. Nxd4 Nf6 5. Nc3 a6 6. Be3 e5 7. Nb3 Be6 8. f3 h5 9. Qd2 Nbd7 10. O-O-O Qc7 11. Nd5 Bxd5 12. exd5 Be7 13. Kb1 Nb6 14. Qa5 Rc8 15. c3 Bd8 16. Bxb6 Qxb6 17. Qa4+ Kf8 18. Bd3 g6 19. Bc2 Kg7 20. f4 exf4 21. Qxf4 Re8 22. Rhf1 Re5 23. Rd4 Qc7 24. Qf3 Qe7 25. h3 Re3 26. Qd1 Qe5 27. Nd2 b5 28. Nf3 Qe8 29. a3 Ne4 30. Rd3 Rxd3 31. Qxd3 Nf6 32. Re1 Qd7 33. Nd4 Nh7 34. Nc6 Bf6 35. a4 Re8 36. Rf1 Qb7 37. a5 Be5 38. Qf3 Qd7 39. Qf2 Ra8 40. Qb6 Qe8 41. Nxe5 dxe5 42. d6 Qe6 43. Be4 Re8 44. Rd1 Qd7 45. Qxa6 Nf6 46. Qb7 Qe6 47. Bc2 e4 48. a6 e3 49. a7 e2 50. Re1 Qxd6 51. Rxe2 Rxe2 52. a8=Q Qd2 53. Qxb5 Qxc2+ 54. Ka2 Re1 55. Qf3 Re7 56. Qa8 Ne4 57. Qb3 Qxg2 58. Qbb8 Nxc3+ 59. Kb3 Qxa8 60. Qxa8 Ne4 61. Qd8 Re6 62. Qd4+ Kf8 63. Kc2 Ke7 64. b4 Nf6 65. Qc4 Ke8 66. Qc8+ Ke7 67. Qc5+ Ke8 68. Qc8+ 1/2-1/2

[Event "American Continental 07th"]
[Site "Toluca"]
[Date "2011.04.23"]
[Round "8"]
[White "Barrientos Chavarriaga, Sergio E"]
[Black "Kovalyov, Anton"]
[Result "1-0"]
[WhiteElo "2499"]
[BlackElo "2629"]
[PlyCount "26"]
[GameId "1166654193389568"]
[EventDate "2011.04.19"]
[EventType "swiss"]
[EventRounds "9"]
[EventCountry "MEX"]
[SourceTitle "CBM 141 Extra"]
[Source "ChessBase"]
[SourceDate "2011.05.03"]
[SourceVersion "1"]
[SourceVersionDate "2011.05.03"]
[SourceQuality "1"]

1. e4 c5 2. Nf3 d6 3. d4 cxd4 4. Nxd4 Nf6 5. Nc3 a6 6. Bg5 Nbd7 7. f4 Qc7 8. Qf3 h6 9. Bh4 g5 10. fxg5 hxg5 11. Bxg5 Qc5 12. Be3 Ne5 13. Qd1 Nc4 1-0

[Event "ESP-chT CECLUB Titulo 3rd place Div 1"]
[Site "Sabadell"]
[Date "2011.09.04"]
[Round "2.2"]
[White "Alonso Rosell, Alvar"]
[Black "Kovalyov, Anton"]
[Result "1/2-1/2"]
[WhiteElo "2502"]
[BlackElo "2612"]
[PlyCount "59"]
[GameId "1166654725775360"]
[EventDate "2011.09.03"]
[EventType "team-tourn"]
[EventRounds "2"]
[EventCountry "ESP"]
[SourceTitle "CBM 144 Extra"]
[Source "ChessBase"]
[SourceDate "2011.10.28"]
[SourceVersion "1"]
[SourceVersionDate "2011.10.28"]
[SourceQuality "1"]
[WhiteTeam "Sabadell Coral Colon"]
[BlackTeam "Equigoma Social Catolica"]
[WhiteTeamCountry "ESP"]
[BlackTeamCountry "ESP"]

1. d4 Nf6 2. c4 e6 3. Nc3 Bb4 4. Qc2 O-O 5. a3 Bxc3+ 6. Qxc3 b6 7. Bg5 Bb7 8. e3 d6 9. Ne2 Nbd7 10. Qc2 c5 11. Rd1 Qe7 12. Nc3 Rfd8 13. d5 h6 14. Bh4 Nf8 15. Be2 Ng6 16. Bxf6 Qxf6 17. O-O Nf8 18. f4 Qe7 19. Bf3 e5 20. f5 Nh7 21. e4 Bc8 22. Be2 Bd7 23. b4 Rdb8 24. Rb1 Qd8 25. Bd3 Qc7 26. Rfc1 Nf6 27. Qf2 a5 28. b5 Qd8 29. Be2 Qe7 30. Bf3 1/2-1/2

[Event "San Cristobal Bolivar op 1st"]
[Site "San Cristobal"]
[Date "2012.09.26"]
[Round "2"]
[White "Kovalyov, Anton"]
[Black "Ynojosa Aponte, Felix Jose"]
[Result "1-0"]
[WhiteElo "2598"]
[BlackElo "2361"]
[PlyCount "75"]
[GameId "1166656137297920"]
[EventDate "2012.09.25"]
[EventType "swiss"]
[EventRounds "10"]
[EventCountry "VEN"]
[SourceTitle "EXT 2013"]
[Source "ChessBase"]
[SourceDate "2012.11.22"]
[SourceVersion "1"]
[SourceVersionDate "2012.11.22"]
[SourceQuality "1"]

1. c4 Nf6 2. Nc3 c5 3. Nf3 b6 4. g3 Bb7 5. Bg2 e6 6. O-O Be7 7. d4 cxd4 8. Qxd4 O-O 9. Rd1 d6 10. Bg5 Nbd7 11. Qd2 Rc8 12. b3 Nc5 13. Bxf6 Bxf6 14. Rac1 Qe7 15. b4 Bxc3 16. Qxc3 Ne4 17. Qa3 a5 18. bxa5 Ra8 19. Qe3 Rxa5 20. Nh4 Nc5 21. Nf5 Qf6 22. Nxd6 Bxg2 23. Kxg2 Rxa2 24. Rb1 Rb2 25. Rxb2 Qxb2 26. Qf3 f5 27. Nb5 Qc2 28. Rd4 h6 29. Qe3 Rf7 30. Na3 Qb2 31. Rd2 Qb4 32. Nb5 Re7 33. Rc2 Qa4 34. Rc3 Rd7 35. Nd4 Qa1 36. Nf3 Ra7 37. Rc1 Qa4 38. Nd4 1-0

[Event "ESP-chT CECLUB Honor"]
[Site "Leon"]
[Date "2012.11.09"]
[Round "5.4"]
[White "Kovalyov, Anton"]
[Black "Shimanov, Aleksandr"]
[Result "1/2-1/2"]
[WhiteElo "2596"]
[BlackElo "2597"]
[PlyCount "69"]
[GameId "1166656345325568"]
[EventDate "2012.11.05"]
[EventType "team-tourn"]
[EventRounds "7"]
[EventCountry "ESP"]
[SourceTitle "EXT 2013"]
[Source "ChessBase"]
[SourceDate "2012.11.22"]
[SourceVersion "1"]
[SourceVersionDate "2012.11.22"]
[SourceQuality "1"]
[WhiteTeam "Equigoma Social Catolica"]
[BlackTeam "Reverte Albox"]
[WhiteTeamCountry "ESP"]
[BlackTeamCountry "ESP"]

1. c4 Nf6 2. Nf3 e6 3. g3 b6 4. Bg2 Bb7 5. O-O Be7 6. Nc3 O-O 7. d4 Ne4 8. Bd2 Bf6 9. Qc2 Nxd2 10. Qxd2 d6 11. d5 Bxc3 12. Qxc3 Nd7 13. e4 a5 14. Nd4 e5 15. Nf5 Nc5 16. b3 Bc8 17. Ne3 Bd7 18. a3 a4 19. b4 Nb3 20. Ra2 c5 21. dxc6 Bxc6 22. Rd1 Qc7 23. Nf5 Rad8 24. f4 Bb7 25. Qd3 Bc8 26. Ne3 Bb7 27. Nf5 Bc8 28. Ne3 Bb7 29. Rf2 Nd4 30. h4 f6 31. Kh2 Rfe8 32. f5 Rc8 33. Bf1 Red8 34. Qb1 Qf7 35. b5 1/2-1/2

[Event "Dearborn Fall op 3rd"]
[Site "Dearborn"]
[Date "2013.10.26"]
[Round "6"]
[White "Kovalyov, Anton"]
[Black "Matamoros Franco, Carlos S"]
[Result "1/2-1/2"]
[WhiteElo "2612"]
[BlackElo "2581"]
[PlyCount "59"]
[GameId "1166657584893952"]
[EventDate "2013.10.23"]
[EventType "swiss"]
[EventRounds "9"]
[EventCountry "USA"]
[SourceTitle "EXT 2015"]
[Source "ChessBase"]
[SourceDate "2014.11.20"]
[SourceVersion "1"]
[SourceVersionDate "2014.11.20"]
[SourceQuality "1"]

1. Nf3 Nf6 2. c4 g6 3. Nc3 Bg7 4. e4 d6 5. d4 O-O 6. Be2 e5 7. Be3 c6 8. O-O exd4 9. Bxd4 Re8 10. Qc2 Qe7 11. Rfe1 Nbd7 12. Nd2 Ne5 13. Rad1 a6 14. h3 g5 15. c5 dxc5 16. Bxe5 Qxe5 17. Nf3 Qe7 18. Nxg5 Ng4 19. Nf3 Ne5 20. Na4 Bf8 21. Nb6 Rb8 22. a4 Nxf3+ 23. Bxf3 Be6 24. e5 Rbd8 25. Qe4 Rd4 26. Rxd4 cxd4 27. Bg4 Rd8 28. a5 d3 29. Bxe6 Qxe6 30. Nc4 1/2-1/2

[Event "Dearborn Fall op 3rd"]
[Site "Dearborn"]
[Date "2013.10.26"]
[Round "7"]
[White "Smith, Bryan G"]
[Black "Kovalyov, Anton"]
[Result "1/2-1/2"]
[WhiteElo "2448"]
[BlackElo "2612"]
[PlyCount "90"]
[GameId "1166657584914432"]
[EventDate "2013.10.23"]
[EventType "swiss"]
[EventRounds "9"]
[EventCountry "USA"]
[SourceTitle "EXT 2015"]
[Source "ChessBase"]
[SourceDate "2014.11.20"]
[SourceVersion "1"]
[SourceVersionDate "2014.11.20"]
[SourceQuality "1"]

1. e4 c5 2. Nf3 d6 3. d4 cxd4 4. Nxd4 Nf6 5. Nc3 a6 6. Bg5 Nbd7 7. Bc4 Qb6 8. Qd2 Qxb2 9. Rb1 Qa3 10. O-O e6 11. Bxe6 fxe6 12. Nxe6 Qa5 13. f4 Kf7 14. e5 Kxe6 15. Kh1 Kf7 16. Rbe1 d5 17. e6+ Kg8 18. e7 h6 19. Qe3 Bxe7 20. Qe6+ Kh7 21. Qf5+ Kg8 22. Qe6+ Kh7 23. Qf5+ Kg8 24. Rxe7 Nf8 25. Bxf6 Rh7 26. Qxd5+ Qxd5 27. Nxd5 Be6 28. Nb6 Rb8 29. Be5 Rd8 30. Rxb7 Bxa2 31. f5 g6 32. Rxh7 Kxh7 33. h3 Re8 34. Bd6 gxf5 35. c4 Ne6 36. Re1 Ng7 37. Rc1 Re6 38. c5 Ne8 39. Bf4 Rc6 40. Nd7 Bd5 41. Ne5 Rc8 42. Ra1 Rxc5 43. Rxa6 Rc2 44. Rxh6+ Kg7 45. Rg6+ Kh7 1/2-1/2

[Event "Bay Area op"]
[Site "Santa Clara"]
[Date "2014.01.02"]
[Round "1"]
[White "Breckenridge, Steven James"]
[Black "Kovalyov, Anton"]
[Result "0-1"]
[WhiteElo "2342"]
[BlackElo "2617"]
[PlyCount "76"]
[GameId "1166657821339648"]
[EventDate "2014.01.02"]
[EventType "swiss"]
[EventRounds "9"]
[EventCountry "USA"]
[SourceTitle "CBM 158 Extra"]
[Source "ChessBase"]
[SourceDate "2014.02.28"]
[SourceVersion "1"]
[SourceVersionDate "2014.02.28"]
[SourceQuality "1"]

1. e4 c5 2. Nf3 d6 3. c3 Nf6 4. Bc4 e6 5. Qe2 Be7 6. e5 Nd5 7. d4 cxd4 8. cxd4 Nc6 9. O-O Nb6 10. Bb5 a6 11. Bxc6+ bxc6 12. Bd2 Nd5 13. Rc1 Qb6 14. Na3 Bd7 15. Nc4 Qc7 16. Ba5 Qb8 17. exd6 Bxd6 18. Nfe5 Bxe5 19. Nxe5 Qd6 20. Rc5 O-O 21. Rac1 Rfc8 22. Qc4 Ne7 23. Bb4 Qc7 24. Ba5 Qd6 25. Bb4 Qc7 26. Ra5 Nd5 27. Bd2 Nb6 28. Qc5 Nd5 29. Qa3 Be8 30. Nd3 Qd8 31. Nc5 Nc7 32. Be3 Rcb8 33. Bf4 Nb5 34. Qa4 Nxd4 35. Bxb8 Ne2+ 36. Kf1 Nxc1 37. Bf4 Nd3 38. Be3 Nxb2 0-1

[Event "Foxwoods op"]
[Site "Mashantucket"]
[Date "2014.01.23"]
[Round "3"]
[White "Hungaski, Robert Andrew"]
[Black "Kovalyov, Anton"]
[Result "1/2-1/2"]
[WhiteElo "2462"]
[BlackElo "2617"]
[PlyCount "44"]
[GameId "1166657832771584"]
[EventDate "2014.01.03"]
[EventType "swiss"]
[EventRounds "9"]
[EventCountry "USA"]
[SourceTitle "CBM 158 Extra"]
[Source "ChessBase"]
[SourceDate "2014.02.28"]
[SourceVersion "1"]
[SourceVersionDate "2014.02.28"]
[SourceQuality "1"]

1. d4 Nf6 2. Bg5 e6 3. e4 h6 4. Bxf6 Qxf6 5. c3 c5 6. Nf3 Nc6 7. d5 Ne5 8. Be2 exd5 9. Qxd5 Nxf3+ 10. Bxf3 Qb6 11. Qd2 d6 12. Na3 Be6 13. O-O Be7 14. Be2 O-O-O 15. Bc4 Qc6 16. Bd5 Bxd5 17. exd5 Qa4 18. Qd3 Bf6 19. Nc4 Rhe8 20. b3 Qd7 21. a4 Re7 22. a5 Kb8 1/2-1/2

[Event "Olympiad-41"]
[Site "Tromsoe"]
[Date "2014.08.02"]
[Round "1.1"]
[White "Phillips, Roy Jean Noel"]
[Black "Kovalyov, Anton"]
[Result "0-1"]
[WhiteElo "2272"]
[BlackElo "2622"]
[PlyCount "60"]
[GameId "1166658479153152"]
[EventDate "2014.08.02"]
[EventType "team-swiss"]
[EventRounds "11"]
[EventCountry "NOR"]
[SourceTitle "CBM 162"]
[Source "ChessBase"]
[SourceDate "2014.09.17"]
[SourceVersion "1"]
[SourceVersionDate "2014.09.17"]
[SourceQuality "1"]
[WhiteTeam "Mauritius"]
[BlackTeam "Canada"]
[WhiteTeamCountry "MRI"]
[BlackTeamCountry "CAN"]

1. d4 Nf6 2. c4 e6 3. g3 d5 4. Nf3 Be7 5. Bg2 O-O 6. O-O c6 7. Nbd2 b6 8. Qc2 Bb7 9. e4 Na6 10. e5 Nd7 11. cxd5 Nb4 12. Qb3 Nxd5 13. Ne4 h6 14. Bd2 c5 15. dxc5 Nxc5 16. Nxc5 Bxc5 17. Qa4 Qe7 18. a3 a5 19. Rfe1 f5 20. Nh4 f4 21. Ng6 Bxf2+ 22. Kh1 Qf7 23. Nxf8 f3 24. Bh3 Bxe1 25. Bxe1 f2 26. Bxf2 Nf4+ 27. Bg2 Nxg2 28. Kg1 Rxf8 29. Bxb6 Ne3 30. Bxe3 Qf3 0-1